000 01063cam a2200145 4500500
005 20260201002941.0
041 _afre
042 _adc
100 1 0 _aDelange, Jean-Pierre
_eauthor
700 1 0 _aTanguay, Daniel
_eauthor
245 0 0 _aL'urgence du politique
260 _bArmand Colin,
_c2025.
520 _aPierre Manent est un des rares philosophes contemporains à assumer « l’urgence du politique » et à porter dans le débat public sa critique singulière de la religion des Droits de l’Homme, le futur incertain de l’Union européenne, la critique des contempteurs de la nation et sa promotion d’une dynamique catholique dans le champ de la réflexion et de l’action politique. L’objet du présent ouvrage, fruit d’une série de contributions à des tables rondes organisées au Collège des Bernardins en mai 2024, est de rassembler et de proposer une série d’approches des positions récentes de Pierre Manent.
856 4 1 _uhttps://shs.cairn.info/lurgence-du-politique--9782200642136?lang=fr&redirect-ssocas=7080
999 _c1638744
_d1638744